000 00637nam a2200229Ia 4500
005 20250425162544.0
008 250425s9999 xx 000 0 und d
020 _a9789942073785
041 _aspa
082 _a336.3435
100 _aNUÑEZ SANCHEZ, JORGE
245 0 _aREEDICION DEUDA GORDIANA DE ELOY ALFARO Y ESTUDIO HISTORICO DE LA DEUDA ANGLO-ECUATORIANA DE EMILIO MARIA TERAN
250 _a1A ED.
260 _aEcuador
_bMCPE
_c2013
260 _aQUITO
300 _a563
500 _aSERIE HISTORIA DE LA POLITICA ECONOMICA DEL ECUADOR
650 _aDEUDA
650 _aECUADOR
942 _c01
010 _a85362
999 _c231646
_d231646